000 00543nam a22001817a 4500
005 20251108165815.0
008 250721s9999 xx 000 0 ara d
082 1 4 _aط/211.9/محم
100 1 _aبن الشريف، محمود
245 1 0 _aالشعب الملعون في القرآن /
264 1 _aبيروت :
_bدار ومكتبة الهلال،
_c[19-].
300 _a160ص0
490 0 _aالمكتبة القرآنية،4
650 1 7 _aالقرآن الكريم
650 1 7 _aاليهود
942 _2ddc
_cBK
999 _c31810
_d31810